Quiz o karierze klubowej piłkarzy #1 - Statystyki

Ogólne statystyki
  • Ten quiz został rozwiązany 907 razy
  • Średni wynik to 10 z 15
Statystyki odpowiedzi
Zagadnienie Odpowiedź % Poprawnych
W którym z wymienionych klubów nigdy nie zagrał Lionel Messi? Los Angeles Galaxy
100%
W którym z wymienionych klubów nigdy nie zagrał Robert Lewandowski? Bayer 04 Leverkusen
98%
W którym z wymienionych klubów nigdy nie zagrał Sergio Ramos? Valencia CF
88%
W którym z wymienionych klubów nigdy nie zagrał Thibaut Courtois? Manchester United
86%
W którym z wymienionych klubów nigdy nie zagrał Karim Benzema? Olympique Marsylia
83%
W którym z wymienionych klubów nigdy nie zagrał Lionel Mohamed Salah? Juventus
77%
W którym z wymienionych klubów nigdy nie zagrał Toni Kroos? Borussia Dortmund
74%
W którym z wymienionych klubów nigdy nie zagrał Wojciech Szczęsny? Watford
73%
W którym z wymienionych klubów nigdy nie zagrał Piotr Zieliński? UC Sampdoria
62%
W którym z wymienionych klubów nigdy nie zagrał Jakub Błaszczykowski? Lech Poznań
60%
W którym z wymienionych klubów nigdy nie zagrał Andrea Pirlo? AS Roma
56%
W którym z wymienionych klubów nigdy nie zagrał David Villa? Deportivo La Coruña
40%
W którym z wymienionych klubów nigdy nie zagrał Łukasz Piszczek? Górnik Zabrze
39%
W którym z wymienionych klubów nigdy nie zagrał Sergio Agüero? Boca Juniors
37%
W którym z wymienionych klubów nigdy nie zagrał Ollie Watkins? Leeds United
27%
Nie znaleziono quizów pasujących do podanych kryteriów
Rozkład punktacji
Procent ludzi z każdym wynikiem
Percentyl według liczby udzielonych odpowiedzi
Twoja historia wyników
Nie rozwiązałeś tego quizu